The frazzled teacher’s wellness plan: a five-step program for reclaiming time, managing stress, and creating a healthy lifestyle

Saved in:
Bibliographic Details
Main Author: QUEEN, J. Allen
Format: Book
Language:English
Published: CORWIN Press 2013.
Tags: Add Tag
No Tags, Be the first to tag this record!

MARC

LEADER 00000nam a22000007a 4500
008 201217b ||||| |||| 00| 0 eng d
020 |a ISBN: 978-1-4522-6092-1 
100 |a QUEEN, J. Allen. 
245 |a The frazzled teacher’s wellness plan:   |b a five-step program for reclaiming time, managing stress, and creating a healthy lifestyle  |c J. Allen Queen, Patsy S. Queen  |g xii, 107p.; ill. 
250 |b 2nd ed. 
260 |b CORWIN Press  |c 2013.  |h Thousand Oaks, California  |i 692832   |i 692833  |l LB3415 .Q3  |m Teachers – Health and hygiene – United States.  |m Teachers – Job stress – United States  |m Teachers – Time management – United States.  |m Stress management – United States. 
500 |a “It includes bibliographical references and index”. 
942 |a lcc  |c BK  |e Adeniran, F. A  |f 17/12/2020 
952 |0 0  |1 0  |2 lcc  |4 0  |6 LB3415 Q3  |7 0  |9 649  |a HOL  |b ED  |c LP  |d 2020-12-17  |l 0  |o LB3415 .Q3  |p 2020-22966  |r 2020-12-17 00:00:00  |w 2020-12-17  |y BK 
952 |0 0  |1 0  |2 lcc  |4 0  |7 0  |9 650  |a HOL  |b ED  |c LP  |d 2020-12-17  |o LB3415 .Q3  |p 2020-22967  |r 2020-12-17 00:00:00  |w 2020-12-17  |y BK 
999 |c 356  |d 356